Zváranie potrubí z AISI 304 používaných v potravinárskom priemysle

Gespeichert in:
Bibliographische Detailangaben
1. Verfasser: Šušel, Filip (Verfasst von)
Weitere Verfasser: Bárta, Jozef (Betreuung Doktorarbeit)
Format: Manuskript Buch
Sprache:Slowakisch
Veröffentlicht: 2024
Schlagworte:
Online-Zugang:http://is.stuba.sk/zp/portal_zp.pl?podrobnosti=172646
Tags: Tag hinzufügen
Keine Tags, Fügen Sie das erste Tag hinzu!

MARC

LEADER 00000ntm a22000003a 4500
001 stuzp99061
003 SK-STU
005 20240629212609.5
007 ta
008 150427s2015----xo-----f-mn---000-0-slo-d
040 |a STU  |b slo 
041 0 |a slo 
100 1 |a Šušel, Filip  |u 063000  |4 aut  |U MTF Materiálovotechnologická fakulta  |T MTF Ústav výrobných technológií  |X 117502  |U M3000  |Y 83  |7 117502 
242 0 1 |a Welding of pipelines made of AISI 304 used in food industry  |y eng 
245 1 0 |a Zváranie potrubí z AISI 304 používaných v potravinárskom priemysle 
260 |c 2024 
650 4 |a AISI 304  |2 slo 
650 4 |a koróziivzdorná oceľ  |2 slo 
650 4 |a zváranie  |2 slo 
650 4 |a elektróda  |2 slo 
650 4 |a zvarový spoj  |2 slo 
650 4 |a welding  |2 eng 
650 4 |a AISI 304  |2 eng 
650 4 |a electrode  |2 eng 
650 4 |a stainless steel  |2 eng 
650 4 |a weld connection  |2 eng 
700 1 |a Bárta, Jozef  |u 063100  |k Z1  |4 ths  |U MTF Ústav výrobných technológií  |T MTF Katedra zvárania a spájania materiálov  |X 27522  |U M3100  |Y 162  |7 A000027522 
856 4 |u http://is.stuba.sk/zp/portal_zp.pl?podrobnosti=172646 
996 |c M* BP-9854  |l MMSKP  |s P  |a 0  |w stuzp99061_0001